[Event "WCO2014"]
[Site "Tromso"]
[Date "2014.08.09"]
[Round "7.32"]
[WhiteID "4201990"]
[White "Mastrovasilis Athanasios"]
[BlackID "3801969"]
[Black "Cruz Cristhian"]
[Result "0-1"]
[LiveChessVersion "1.4.3"]
[BlackElo "2553"]
[WhiteElo "2526"]

1. d4 e6 2. c4 Nf6 3. g3 Bb4+ 4. Bd2 Qe7 5. Bg2 Nc6 6. e3 O-O 7. Ne2 d5 8. Qc2
Rd8 9. O-O Bxd2 10. Nxd2 e5 11. dxe5 Nxe5 12. Nf4 dxc4 13. Nxc4 Qc5 14. Rfc1 Qxc4
15. Qxc4 Nxc4 16. Rxc4 c6 17. h4 Kf8 18. Rac1 h6 19. Rd4 Bg4 20. Rb4 Rab8 21. f3
Bd7 22. e4 b6 23. Rd4 g5 24. hxg5 hxg5 25. Ne2 c5 26. Rdd1 Be6 27. Nc3 a6 28. f4
gxf4 29. gxf4 Bg4 30. e5 Bxd1 31. exf6 Bh5 32. Nd5 Rd6 33. b4 cxb4 34. f5 Re8 35.
Rc4 Re1+ 36. Kf2 Re5 37. Rc8+ Re8 38. Rc4 Re5 39. Rc8+ Re8 40. Rc4 Re2+ 41. Kg3
Ke8 42. Nf4 Re3+ 43. Kf2 Ra3 44. Nxh5 Rd2+ 45. Kg1 Raxa2 46. Ng7+ Kd7 47. Bc6+
Kd6 48. Ne8+ Ke5 49. Re4+ Kxf5 50. Re1 b3 51. Be4+ Kg5 52. Rf1 b2 53. Ng7 Ra1 54.
Bb1 Rxb1 55. Rxb1 Rc2 56. Ne6+ Kxf6 0-1

[Event "WCO2014"]
[Site "Tromso"]
[Date "2014.08.09"]
[Round "7.44"]
[WhiteID "14903474"]
[White "Markos Jan"]
[BlackID "503142"]
[Black "Nyback Tomi"]
[Result "1/2-1/2"]
[LiveChessVersion "1.4.3"]
[BlackElo "2591"]
[WhiteElo "2602"]

1. d4 {[%clk 1:30:57]} d5 {[%clk 1:30:55]} 2. c4 {[%clk 1:31:23]} c6
{[%clk 1:31:21]} 3. Nc3 {[%clk 1:31:45]} Nf6 {[%clk 1:31:45]} 4. e3
{[%clk 1:32:11]} a6 {[%clk 1:32:02]} 5. Nf3 {[%clk 1:32:35]} Bf5 {[%clk 1:32:26]}
6. Qb3 {[%clk 1:32:59]} Ra7 {[%clk 1:32:39]} 7. Bd2 {[%clk 1:32:28]} e6
{[%clk 1:31:59]} 8. Nh4 {[%clk 1:32:43]} Be4 {[%clk 1:31:43]} 9. f3
{[%clk 1:31:11]} dxc4 {[%clk 1:29:20]} 10. Bxc4 {[%clk 1:31:22]} Bd5
{[%clk 1:29:42]} 11. g3 {[%clk 1:22:38]} Bxc4 {[%clk 1:27:40]} 12. Qxc4
{[%clk 1:23:03]} b5 {[%clk 1:27:59]} 13. Qe2 {[%clk 1:23:12]} c5 {[%clk 1:27:14]}
14. dxc5 {[%clk 1:19:02]} Bxc5 {[%clk 1:26:54]} 15. a4 {[%clk 1:18:07]} b4
{[%clk 1:19:50]} 16. Na2 {[%clk 1:15:24]} a5 {[%clk 1:15:46]} 17. Qb5+
{[%clk 1:03:41]} Nbd7 {[%clk 1:13:57]} 18. Nc1 {[%clk 1:01:21]} O-O
{[%clk 0:55:01]} 19. Nb3 {[%clk 1:01:36]} Bb6 {[%clk 0:55:20]} 20. Rc1
{[%clk 0:40:36]} Nd5 {[%clk 0:44:35]} 21. e4 {[%clk 0:37:22]} Nc7
{[%clk 0:44:18]} 22. Qc6 {[%clk 0:33:53]} e5 {[%clk 0:36:17]} 23. Nf5
{[%clk 0:30:15]} Ne6 {[%clk 0:34:10]} 24. Qb5 {[%clk 0:14:05]} g6
{[%clk 0:17:16]} 25. Nh6+ {[%clk 0:14:09]} Kh8 {[%clk 0:16:48]} 26. h4
{[%clk 0:12:03]} Rc7 {[%clk 0:13:31]} 27. Qd5 {[%clk 0:08:49]} Rxc1+
{[%clk 0:12:21]} 28. Bxc1 {[%clk 0:09:16]} Ndc5 {[%clk 0:09:06]} 29. Qxd8
{[%clk 0:09:15]} Bxd8 {[%clk 0:09:16]} 30. Nxc5 {[%clk 0:08:19]} Nxc5
{[%clk 0:09:44]} 31. Ke2 {[%clk 0:08:15]} Bf6 {[%clk 0:03:07]} 32. Rd1
{[%clk 0:06:26]} Bg7 {[%clk 0:03:14]} 33. Rd5 {[%clk 0:06:03]} Nb3
{[%clk 0:03:05]} 34. Be3 {[%clk 0:06:14]} f5 {[%clk 0:03:19]} 35. exf5
{[%clk 0:02:56]} gxf5 {[%clk 0:03:41]} 36. Bg5 {[%clk 0:02:51]} f4
{[%clk 0:02:48]} 37. g4 {[%clk 0:01:36]} Nd4+ {[%clk 0:02:25]} 38. Kf2
{[%clk 0:01:55]} Rc8 {[%clk 0:02:24]} 39. Rd8+ {[%clk 0:00:46]} Rxd8
{[%clk 0:02:23]} 40. Nf7+ {[%clk 0:01:11]} Kg8 {[%clk 0:02:40]} 41. Nxd8
{[%clk 0:01:39]} Nb3 {[%clk 0:18:58]} 42. Nb7 {[%clk 0:25:01]} h6
{[%clk 0:10:49]} 43. Bd8 {[%clk 0:25:20]} e4 {[%clk 0:11:13]} 44. fxe4
{[%clk 0:12:53]} Bxb2 {[%clk 0:11:23]} 45. Bxa5 {[%clk 0:12:38]} Bd4+
{[%clk 0:10:56]} 46. Ke1 {[%clk 0:11:21]} Nc1 {[%clk 0:09:44]} 47. Bxb4
{[%clk 0:04:21]} Nd3+ {[%clk 0:09:54]} 48. Ke2 {[%clk 0:04:49]} Nxb4
{[%clk 0:10:15]} 49. Nd6 {[%clk 0:01:54]} Kh7 {[%clk 0:04:00]} 50. Nf5
{[%clk 0:01:47]} Be5 {[%clk 0:04:08]} 51. a5 {[%clk 0:00:44]} Bb8
{[%clk 0:02:21]} 52. Kf3 {[%clk 0:00:37]} Bc7 {[%clk 0:02:19]} 53. g5
{[%clk 0:00:37]} hxg5 {[%clk 0:01:21]} 54. hxg5 {[%clk 0:01:03]} Kg6
{[%clk 0:01:41]} 55. Kg4 {[%clk 0:01:17]} Bxa5 {[%clk 0:00:37]} 56. Nh4+
{[%clk 0:01:25]} 1/2-1/2

[Event "WCO2014"]
[Site "Tromso"]
[Date "2014.08.09"]
[Round "7.43"]
[WhiteID "502081"]
[White "Karttunen Mika"]
[BlackID "14900017"]
[Black "Ftacnik Lubomir"]
[Result "1/2-1/2"]
[LiveChessVersion "1.4.3"]
[BlackElo "2571"]
[WhiteElo "2437"]

1. e4 {[%clk 1:30:56]} c5 {[%clk 1:30:52]} 2. Nf3 {[%clk 1:31:19]} d6
{[%clk 1:31:15]} 3. Bb5+ {[%clk 1:31:39]} Nd7 {[%clk 1:31:17]} 4. d4
{[%clk 1:31:19]} cxd4 {[%clk 1:28:00]} 5. Qxd4 {[%clk 1:31:16]} a6
{[%clk 1:28:15]} 6. Bxd7+ {[%clk 1:30:31]} Bxd7 {[%clk 1:28:27]} 7. O-O
{[%clk 1:26:53]} Rc8 {[%clk 1:26:45]} 8. Nc3 {[%clk 1:26:26]} e5 {[%clk 1:26:03]}
9. Qb4 {[%clk 1:24:34]} b5 {[%clk 1:24:02]} 10. a4 {[%clk 1:03:44]} bxa4
{[%clk 1:21:16]} 11. Nxa4 {[%clk 1:03:19]} Rb8 {[%clk 1:17:36]} 12. Qa3
{[%clk 0:52:03]} Bb5 {[%clk 0:59:19]} 13. Re1 {[%clk 0:49:59]} Be7
{[%clk 0:54:17]} 14. Nc3 {[%clk 0:45:58]} Nf6 {[%clk 0:54:40]} 15. Nxb5
{[%clk 0:44:18]} axb5 {[%clk 0:54:59]} 16. Bg5 {[%clk 0:42:48]} O-O
{[%clk 0:55:17]} 17. Bxf6 {[%clk 0:42:39]} Bxf6 {[%clk 0:55:14]} 18. Qd3
{[%clk 0:31:20]} Qc7 {[%clk 0:52:22]} 19. Red1 {[%clk 0:27:26]} Rfc8
{[%clk 0:50:44]} 20. Ne1 {[%clk 0:23:18]} Be7 {[%clk 0:45:02]} 21. Ra3
{[%clk 0:20:53]} Qb6 {[%clk 0:40:06]} 22. Rb3 {[%clk 0:18:33]} Rc4
{[%clk 0:38:51]} 23. c3 {[%clk 0:14:10]} d5 {[%clk 0:16:16]} 24. exd5
{[%clk 0:12:18]} Rf4 {[%clk 0:16:20]} 25. Rd2 {[%clk 0:04:21]} Bc5
{[%clk 0:15:51]} 26. Qg3 {[%clk 0:04:33]} Qa7 {[%clk 0:15:17]} 27. Kf1
{[%clk 0:02:01]} Qa4 {[%clk 0:12:53]} 28. c4 {[%clk 0:02:19]} Bb4
{[%clk 0:12:32]} 29. Re2 {[%clk 0:01:42]} bxc4 {[%clk 0:12:43]} 30. Rf3
{[%clk 0:01:13]} Bd6 {[%clk 0:11:03]} 31. Rxf4 {[%clk 0:00:58]} exf4
{[%clk 0:11:26]} 32. Qf3 {[%clk 0:01:02]} Qb5 {[%clk 0:06:32]} 33. Qe4
{[%clk 0:01:12]} h6 {[%clk 0:05:42]} 34. Nf3 {[%clk 0:01:21]} Ra8
{[%clk 0:05:39]} 35. g3 {[%clk 0:01:11]} fxg3 {[%clk 0:05:06]} 36. hxg3
{[%clk 0:01:38]} Ra5 {[%clk 0:04:35]} 37. Qe8+ {[%clk 0:00:56]} Qxe8
{[%clk 0:04:19]} 38. Rxe8+ {[%clk 0:01:22]} Kh7 {[%clk 0:04:43]} 39. Re4
{[%clk 0:00:45]} Rxd5 {[%clk 0:03:17]} 40. Rxc4 {[%clk 0:01:09]} Rb5
{[%clk 0:03:43]} 41. Rc6 {[%clk 0:25:26]} Be7 {[%clk 0:29:53]} 42. Rc7
{[%clk 0:25:14]} Bf6 {[%clk 0:30:20]} 43. Rxf7 {[%clk 0:25:30]} Rxb2 1/2-1/2

[Event "WCO2014"]
[Site "Tromso"]
[Date "2014.08.09"]
[Round "7.42"]
[WhiteID "14907526"]
[White "Michalik Peter"]
[BlackID "505455"]
[Black "Sipila Vilka"]
[Result "1-0"]
[LiveChessVersion "1.4.3"]
[BlackElo "2425"]
[WhiteElo "2586"]

1. d4 {[%clk 1:30:59]} d6 {[%clk 1:30:50]} 2. Nf3 {[%clk 1:31:16]} Nf6
{[%clk 1:31:12]} 3. g3 {[%clk 1:31:38]} Nbd7 {[%clk 1:31:31]} 4. Bg2
{[%clk 1:31:57]} e5 {[%clk 1:31:55]} 5. c4 {[%clk 1:31:37]} Be7 {[%clk 1:30:48]}
6. Nc3 {[%clk 1:31:52]} O-O {[%clk 1:31:10]} 7. O-O {[%clk 1:32:14]} c6
{[%clk 1:31:02]} 8. e4 {[%clk 1:31:35]} Qc7 {[%clk 1:31:22]} 9. h3
{[%clk 1:31:16]} b6 {[%clk 1:31:13]} 10. b3 {[%clk 1:24:53]} Re8 {[%clk 1:31:28]}
11. Be3 {[%clk 1:23:56]} Bb7 {[%clk 1:31:51]} 12. Rc1 {[%clk 1:23:33]} Rac8
{[%clk 1:32:11]} 13. Qd2 {[%clk 1:22:23]} Bf8 {[%clk 1:32:16]} 14. Rfd1
{[%clk 1:18:40]} Qb8 {[%clk 1:30:40]} 15. d5 {[%clk 1:16:41]} a6 {[%clk 1:29:57]}
16. Ne1 {[%clk 1:11:32]} b5 {[%clk 1:29:23]} 17. Nd3 {[%clk 1:09:34]} bxc4
{[%clk 1:26:21]} 18. bxc4 {[%clk 1:09:40]} a5 {[%clk 1:18:36]} 19. Na4
{[%clk 0:54:58]} Qa8 {[%clk 1:08:37]} 20. Rc2 {[%clk 0:51:32]} cxd5
{[%clk 1:06:49]} 21. cxd5 {[%clk 0:51:18]} Rxc2 {[%clk 1:07:06]} 22. Qxc2
{[%clk 0:51:44]} Rc8 {[%clk 1:07:21]} 23. Qb3 {[%clk 0:49:41]} Ba6
{[%clk 1:07:32]} 24. Rc1 {[%clk 0:49:09]} Rb8 {[%clk 1:05:36]} 25. Qc2
{[%clk 0:46:42]} Be7 {[%clk 1:05:10]} 26. Ndb2 {[%clk 0:46:25]} h6
{[%clk 0:59:27]} 27. Nc4 {[%clk 0:37:39]} Bb5 {[%clk 0:55:20]} 28. Nab2
{[%clk 0:33:04]} Ne8 {[%clk 0:50:58]} 29. h4 {[%clk 0:24:37]} Bd8
{[%clk 0:50:15]} 30. Na3 {[%clk 0:22:39]} Bb6 {[%clk 0:44:09]} 31. Bxb6
{[%clk 0:20:31]} Rxb6 {[%clk 0:44:29]} 32. Nbc4 {[%clk 0:07:18]} Bxc4
{[%clk 0:44:36]} 33. Nxc4 {[%clk 0:07:43]} Rb7 {[%clk 0:42:51]} 34. Ne3
{[%clk 0:06:38]} Nc5 {[%clk 0:42:20]} 35. Nf5 {[%clk 0:06:42]} Rc7
{[%clk 0:41:56]} 36. Qe2 {[%clk 0:06:07]} Qb8 {[%clk 0:40:43]} 37. Rc2
{[%clk 0:02:56]} Rb7 {[%clk 0:40:35]} 38. Qe3 {[%clk 0:02:57]} Nf6
{[%clk 0:36:48]} 39. Nxd6 {[%clk 0:01:44]} Rb1+ {[%clk 0:37:02]} 40. Bf1
{[%clk 0:02:09]} Qxd6 {[%clk 0:35:37]} 41. Rxc5 {[%clk 0:30:02]} Ng4
{[%clk 1:05:46]} 42. Rc8+ {[%clk 0:30:11]} Kh7 {[%clk 1:06:15]} 43. Qe2
{[%clk 0:27:17]} h5 {[%clk 1:03:51]} 44. Kg2 {[%clk 0:24:20]} g6 {[%clk 1:01:56]}
45. Rc2 {[%clk 0:23:22]} Qb4 {[%clk 0:59:42]} 46. Rd2 {[%clk 0:18:17]} Rc1
{[%clk 0:59:46]} 47. d6 {[%clk 0:14:40]} Rc8 {[%clk 1:00:10]} 48. f3
{[%clk 0:13:26]} Nf6 {[%clk 1:00:37]} 49. Kh2 {[%clk 0:13:49]} Rd8
{[%clk 0:57:07]} 50. Qd3 {[%clk 0:13:18]} Nd7 {[%clk 0:55:20]} 51. a3
{[%clk 0:12:06]} Qc5 {[%clk 0:49:38]} 52. Qd5 {[%clk 0:08:44]} Kg7
{[%clk 0:48:46]} 53. Qxc5 {[%clk 0:08:08]} Nxc5 {[%clk 0:49:14]} 54. Rd5
{[%clk 0:08:31]} Ne6 {[%clk 0:48:54]} 55. Bh3 {[%clk 0:07:21]} a4
{[%clk 0:46:17]} 56. Kg2 {[%clk 0:06:04]} Nd4 {[%clk 0:42:04]} 57. f4
{[%clk 0:05:47]} Nc2 {[%clk 0:42:26]} 58. Kf3 {[%clk 0:04:26]} Nxa3
{[%clk 0:41:00]} 59. fxe5 {[%clk 0:04:36]} Nc4 {[%clk 0:39:58]} 60. Rc5
{[%clk 0:03:53]} Nb2 {[%clk 0:39:30]} 61. Bf1 {[%clk 0:03:19]} Ra8
{[%clk 0:39:18]} 62. d7 {[%clk 0:01:43]} Rd8 {[%clk 0:39:35]} 63. Bb5
{[%clk 0:02:08]} Kf8 {[%clk 0:39:07]} 64. Ke2 {[%clk 0:02:22]} Ke7
{[%clk 0:39:28]} 65. Kd2 {[%clk 0:02:00]} a3 {[%clk 0:39:10]} 66. Kc2
{[%clk 0:01:26]} Ke6 {[%clk 0:39:11]} 67. Rd5 {[%clk 0:01:05]} Ke7
{[%clk 0:39:21]} 68. Rc5 {[%clk 0:00:54]} Ke6 {[%clk 0:39:27]} 69. Rc8
{[%clk 0:00:38]} Rxd7 {[%clk 0:38:37]} 70. Bxd7+ {[%clk 0:01:04]} Kxd7
{[%clk 0:39:04]} 71. Ra8 {[%clk 0:01:20]} Nc4 {[%clk 0:39:20]} 72. Kc3
{[%clk 0:01:34]} Nxe5 {[%clk 0:39:41]} 73. Rxa3 {[%clk 0:01:48]} Ke6
{[%clk 0:38:11]} 74. Ra6+ {[%clk 0:02:12]} Ke7 {[%clk 0:38:39]} 75. Kd4
{[%clk 0:02:37]} Ng4 {[%clk 0:39:00]} 76. Kd3 {[%clk 0:02:45]} Kd7
{[%clk 0:39:06]} 77. Ke2 {[%clk 0:03:10]} Ke7 {[%clk 0:39:21]} 78. Kf3
{[%clk 0:03:36]} Ne5+ {[%clk 0:39:19]} 79. Ke3 {[%clk 0:03:54]} Ng4+
{[%clk 0:38:06]} 80. Kf4 {[%clk 0:04:17]} Nf6 {[%clk 0:36:24]} 81. e5
{[%clk 0:02:13]} Nd7 {[%clk 0:35:56]} 82. Rc6 {[%clk 0:01:56]} Nf8
{[%clk 0:35:32]} 83. Ke4 {[%clk 0:01:57]} Ne6 {[%clk 0:35:57]} 84. Kd5
{[%clk 0:02:21]} Ng7 {[%clk 0:36:21]} 85. Rc7+ {[%clk 0:02:12]} Kf8
{[%clk 0:35:16]} 86. Rc8+ {[%clk 0:02:35]} Ke7 {[%clk 0:35:43]} 87. Rb8
{[%clk 0:02:03]} Kd7 {[%clk 0:35:08]} 88. Rf8 {[%clk 0:00:38]} Ke7
{[%clk 0:35:31]} 89. Ra8 {[%clk 0:01:06]} Kd7 {[%clk 0:35:46]} 90. Ra7+
{[%clk 0:00:55]} Ke8 {[%clk 0:36:14]} 91. Ra6 {[%clk 0:00:50]} Ke7
{[%clk 0:36:27]} 92. Rb6 {[%clk 0:01:17]} Kf8 {[%clk 0:35:27]} 93. Rb7
{[%clk 0:00:53]} Ke8 {[%clk 0:27:13]} 94. Ra7 {[%clk 0:01:17]} Kf8
{[%clk 0:27:03]} 95. Ke4 {[%clk 0:01:44]} Ke8 {[%clk 0:27:14]} 96. Kf3
{[%clk 0:02:05]} Ne6 {[%clk 0:27:28]} 97. g4 {[%clk 0:02:29]} hxg4+
{[%clk 0:27:22]} 98. Kxg4 {[%clk 0:02:56]} Kf8 {[%clk 0:27:14]} 99. Ra6
{[%clk 0:01:13]} Ke7 {[%clk 0:26:22]} 100. Rb6 {[%clk 0:01:40]} Nd4
{[%clk 0:26:21]} 101. Ra6 {[%clk 0:00:59]} Ne6 {[%clk 0:26:35]} 102. Ra7+
{[%clk 0:01:25]} Kf8 {[%clk 0:26:52]} 103. h5 {[%clk 0:01:16]} gxh5+
{[%clk 0:27:03]} 104. Kxh5 {[%clk 0:01:43]} Kg7 {[%clk 0:26:35]} 105. Kg4
{[%clk 0:02:06]} Kg6 {[%clk 0:26:56]} 106. Ra6 {[%clk 0:02:23]} Kg7
{[%clk 0:27:15]} 107. Rxe6 {[%clk 0:02:08]} fxe6 {[%clk 0:27:34]} 108. Kg5
{[%clk 0:02:36]} Kf7 {[%clk 0:27:54]} 109. Kh6 {[%clk 0:03:03]} Ke8
{[%clk 0:28:18]} 110. Kg6 {[%clk 0:03:26]} Ke7 {[%clk 0:28:37]} 111. Kg7
{[%clk 0:03:52]} Kd8 {[%clk 0:29:03]} 112. Kf6 {[%clk 0:04:03]} Ke8
{[%clk 0:29:21]} 113. Kxe6 {[%clk 0:04:28]} Kf8 {[%clk 0:29:45]} 114. Kd7
{[%clk 0:04:54]} Kf7 {[%clk 0:30:08]} 115. e6+ {[%clk 0:05:20]} Kg7
{[%clk 0:30:33]} 116. e7 {[%clk 0:05:47]} Kh7 {[%clk 0:30:56]} 117. e8=R
{[%clk 0:06:10]} Kg6 {[%clk 0:31:19]} 118. Rf8 {[%clk 0:06:37]} Kg7
{[%clk 0:31:43]} 119. Rf1 {[%clk 0:07:02]} Kh6 {[%clk 0:32:08]} 120. Rg1
{[%clk 0:07:29]} Kh7 {[%clk 0:32:34]} 121. Ke6 {[%clk 0:07:52]} Kh8
{[%clk 0:32:58]} 122. Kf7 {[%clk 0:08:19]} Kh7 {[%clk 0:33:22]} 123. Rh1# 1-0

[Event "WCO2014"]
[Site "Tromso"]
[Date "2014.08.09"]
[Round "7.41"]
[WhiteID "505170"]
[White "Ebeling Daniel"]
[BlackID "14901625"]
[Black "Petrik Tomas"]
[Result "1-0"]
[LiveChessVersion "1.4.3"]
[BlackElo "2487"]
[WhiteElo "2445"]

1. e4 {[%clk 1:30:58]} e6 {[%clk 1:30:43]} 2. d4 {[%clk 1:31:20]} d5
{[%clk 1:31:07]} 3. Nd2 {[%clk 1:31:46]} c5 {[%clk 1:31:17]} 4. Ngf3
{[%clk 1:32:07]} cxd4 {[%clk 1:31:14]} 5. exd5 {[%clk 1:32:31]} Qxd5
{[%clk 1:31:29]} 6. Bc4 {[%clk 1:32:51]} Qd6 {[%clk 1:31:48]} 7. O-O
{[%clk 1:33:13]} Nf6 {[%clk 1:32:07]} 8. Nb3 {[%clk 1:33:34]} Nc6
{[%clk 1:32:28]} 9. Nbxd4 {[%clk 1:33:53]} Nxd4 {[%clk 1:32:48]} 10. Nxd4
{[%clk 1:34:12]} a6 {[%clk 1:32:41]} 11. Re1 {[%clk 1:34:08]} Qc7
{[%clk 1:32:47]} 12. Qe2 {[%clk 1:34:14]} Bc5 {[%clk 1:30:32]} 13. c3
{[%clk 1:34:34]} b5 {[%clk 1:27:14]} 14. Bd3 {[%clk 1:34:50]} Bxd4
{[%clk 1:23:55]} 15. cxd4 {[%clk 1:35:06]} Bb7 {[%clk 1:24:00]} 16. Bg5
{[%clk 1:35:09]} Qc6 {[%clk 1:22:46]} 17. f3 {[%clk 1:34:58]} Qd6
{[%clk 1:12:10]} 18. Qe5 {[%clk 1:34:59]} Qxe5 {[%clk 1:10:11]} 19. dxe5
{[%clk 1:34:54]} Nd5 {[%clk 1:10:23]} 20. a4 {[%clk 1:26:36]} h6 {[%clk 0:38:55]}
21. Bd2 {[%clk 1:18:18]} bxa4 {[%clk 0:38:53]} 22. Rxa4 {[%clk 1:10:34]} O-O
{[%clk 0:39:03]} 23. Rc1 {[%clk 0:49:18]} Rfd8 {[%clk 0:36:36]} 24. Ba5
{[%clk 0:47:55]} Rd7 {[%clk 0:33:11]} 25. Rd4 {[%clk 0:47:19]} Rc8
{[%clk 0:20:14]} 26. Rxc8+ {[%clk 0:27:47]} Bxc8 {[%clk 0:20:41]} 27. Bc4
{[%clk 0:28:00]} Bb7 {[%clk 0:16:22]} 28. Bb4 {[%clk 0:23:42]} Rc7
{[%clk 0:13:35]} 29. Bd6 {[%clk 0:23:28]} Rc6 {[%clk 0:13:38]} 30. Kf2
{[%clk 0:22:26]} Rb6 {[%clk 0:04:55]} 31. Ba3 {[%clk 0:21:20]} Rc6
{[%clk 0:04:34]} 32. Ke2 {[%clk 0:19:47]} Rc8 {[%clk 0:04:30]} 33. Kd2
{[%clk 0:15:49]} Rc7 {[%clk 0:02:52]} 34. Bd3 {[%clk 0:12:50]} Rc8
{[%clk 0:02:59]} 35. Bd6 {[%clk 0:11:57]} Rd8 {[%clk 0:03:08]} 36. Ra4
{[%clk 0:11:07]} Ra8 {[%clk 0:03:29]} 37. Ba3 {[%clk 0:08:51]} Ra7
{[%clk 0:03:05]} 38. Bf1 {[%clk 0:06:28]} Ra8 {[%clk 0:03:28]} 39. Bd6
{[%clk 0:05:02]} Bc8 {[%clk 0:01:52]} 40. h4 {[%clk 0:02:30]} h5 {[%clk 0:01:01]}
41. g4 {[%clk 0:25:13]} Bb7 {[%clk 0:23:13]} 42. Bd3 {[%clk 0:19:02]} hxg4
{[%clk 0:16:58]} 43. fxg4 {[%clk 0:19:26]} g6 {[%clk 0:12:35]} 44. Ra3
{[%clk 0:10:12]} Kg7 {[%clk 0:04:06]} 45. Rb3 {[%clk 0:10:41]} Bc6
{[%clk 0:03:40]} 46. Rb8 {[%clk 0:09:51]} Rxb8 {[%clk 0:01:30]} 47. Bxb8
{[%clk 0:10:20]} Bb7 {[%clk 0:01:53]} 48. Bd6 {[%clk 0:07:04]} f5
{[%clk 0:02:02]} 49. exf6+ {[%clk 0:05:51]} Nxf6 {[%clk 0:00:36]} 50. Be5
{[%clk 0:06:10]} Kf7 {[%clk 0:01:35]} 51. g5 {[%clk 0:05:23]} Ne4+
{[%clk 0:00:58]} 52. Ke3 {[%clk 0:05:24]} Nc5 {[%clk 0:01:25]} 53. Bc2
{[%clk 0:05:27]} Bd5 {[%clk 0:01:44]} 54. b4 {[%clk 0:04:40]} Nd7
{[%clk 0:01:49]} 55. Kd4 {[%clk 0:05:04]} Bc6 {[%clk 0:01:35]} 56. Bd3
{[%clk 0:04:08]} Bb5 {[%clk 0:01:58]} 57. Be4 {[%clk 0:04:35]} Be2
{[%clk 0:02:21]} 58. Bc7 {[%clk 0:04:34]} Bb5 {[%clk 0:02:34]} 59. Bd8
{[%clk 0:03:33]} Kg7 {[%clk 0:02:57]} 60. Ba5 {[%clk 0:03:25]} Kf7
{[%clk 0:03:24]} 61. Bc7 {[%clk 0:03:51]} Kg7 {[%clk 0:03:46]} 62. Bd6
{[%clk 0:03:16]} Kf7 {[%clk 0:04:14]} 63. Be5 {[%clk 0:03:20]} Be2
{[%clk 0:04:35]} 64. Bc6 {[%clk 0:03:22]} Bb5 {[%clk 0:05:01]} 65. Bf3
{[%clk 0:03:50]} Ke7 {[%clk 0:02:37]} 66. Bd1 {[%clk 0:03:31]} Bf1
{[%clk 0:02:22]} 67. Bc7 {[%clk 0:03:30]} Kf7 {[%clk 0:01:54]} 68. Ke4
{[%clk 0:03:40]} Bb5 {[%clk 0:01:57]} 69. Kf4 {[%clk 0:04:06]} Bd3
{[%clk 0:02:08]} 70. Bg4 {[%clk 0:03:51]} Bc4 {[%clk 0:02:08]} 71. Bf3
{[%clk 0:03:48]} Bb5 {[%clk 0:02:30]} 72. Be4 {[%clk 0:02:31]} Be2
{[%clk 0:02:47]} 73. Bb1 {[%clk 0:01:12]} Bb5 {[%clk 0:03:07]} 74. Bc2
{[%clk 0:01:26]} Be2 {[%clk 0:03:27]} 75. Be5 {[%clk 0:01:14]} Nb6
{[%clk 0:03:28]} 76. Bd6 {[%clk 0:01:03]} Nd7 {[%clk 0:03:27]} 77. Be4
{[%clk 0:00:51]} Bb5 {[%clk 0:03:30]} 78. Bc7 {[%clk 0:00:55]} Be2
{[%clk 0:03:52]} 79. Bb7 {[%clk 0:00:35]} Ke7 {[%clk 0:01:42]} 80. Bc8
{[%clk 0:00:39]} Bb5 {[%clk 0:01:56]} 81. Ke4 {[%clk 0:00:46]} Bc6+
{[%clk 0:02:02]} 82. Kd3 {[%clk 0:01:04]} Bb5+ {[%clk 0:02:21]} 83. Kd4
{[%clk 0:01:34]} Kf7 {[%clk 0:02:07]} 84. Bd8 {[%clk 0:01:29]} Kf8
{[%clk 0:02:07]} 85. Ke4 {[%clk 0:00:45]} Ke8 {[%clk 0:02:13]} 86. Bf6
{[%clk 0:00:54]} Kf7 {[%clk 0:02:22]} 87. Bd4 {[%clk 0:01:16]} Bc6+
{[%clk 0:02:32]} 88. Kf4 {[%clk 0:01:41]} Bb5 {[%clk 0:03:00]} 89. Bb7
{[%clk 0:02:03]} Be2 {[%clk 0:01:31]} 90. Be4 {[%clk 0:02:09]} Bb5
{[%clk 0:01:38]} 91. Bf3 {[%clk 0:01:56]} Bd3 {[%clk 0:01:47]} 92. Bg4
{[%clk 0:01:39]} Bc4 {[%clk 0:01:35]} 93. h5 {[%clk 0:01:33]} gxh5
{[%clk 0:01:49]} 94. Bxh5+ {[%clk 0:02:03]} Kf8 {[%clk 0:02:07]} 95. Bf3
{[%clk 0:01:38]} Kg8 {[%clk 0:01:38]} 96. Be4 {[%clk 0:01:38]} Be2
{[%clk 0:01:45]} 97. Bg6 {[%clk 0:01:18]} Bb5 98. Bc2 {[%clk 0:01:18]} Be2
{[%clk 0:01:44]} 99. Be4 {[%clk 0:01:10]} Bc4 {[%clk 0:01:35]} 100. Bc3
{[%clk 0:01:21]} Bb5 {[%clk 0:01:20]} 101. Bg6 {[%clk 0:01:23]} Bc6
{[%clk 0:01:05]} 102. Bd3 {[%clk 0:01:10]} Bb5 {[%clk 0:01:32]} 103. Be4
{[%clk 0:01:29]} Bc4 {[%clk 0:01:43]} 104. g6 {[%clk 0:01:22]} Bb5
{[%clk 0:01:13]} 105. Kg5 {[%clk 0:01:45]} Bc4 {[%clk 0:01:25]} 106. Kh6
{[%clk 0:01:47]} e5 {[%clk 0:01:06]} 107. Bf5 {[%clk 0:02:16]} Nf8
{[%clk 0:00:40]} 108. g7 {[%clk 0:02:34]} Kf7 {[%clk 0:00:59]} 109. Bxe5
{[%clk 0:01:35]} Bb3 {[%clk 0:00:33]} 110. Bd6 {[%clk 0:01:40]} Ne6
{[%clk 0:00:46]} 111. Bg6+ {[%clk 0:02:05]} 1-0